Fr. Conceicao Rodrigues College of Engineering

Functional Gaging (Record no. 35559)

MARC details
000 -LEADER
fixed length control field 00285nam a2200133Ia 4500
082 ## - DEWEY DECIMAL CLASSIFICATION NUMBER
Classification number 620
100 ## - MAIN ENTRY--PERSONAL NAME
Personal name Edward S. Rosh
245 ## - TITLE STATEMENT
Title Functional Gaging
260 ## - PUBLICATION, DISTRIBUTION, ETC.
Name of publisher, distributor, etc. Society of Manufacturing Engineers
Date of publication, distribution, etc. 2001
300 ## - PHYSICAL DESCRIPTION
Extent 138
546 ## - LANGUAGE NOTE
Language note ENGLISH
654 ## - SUBJECT ADDED ENTRY--FACETED TOPICAL TERMS
Focus term Gaging
942 ## - ADDED ENTRY ELEMENTS (KOHA)
Koha item type BOOK
Holdings
Withdrawn status Lost status Damaged status Not for loan Collection Home library Current library Date acquired Cost, normal purchase price Inventory number Total Checkouts Full call number Barcode Date last seen Cost, replacement price Price effective from Koha item type
        AFT Fr. Agnel's C.Rodrigues College of Engineering Fr. Agnel's C.Rodrigues College of Engineering 17/03/2023 99.50 1106   620 AFT826 17/03/2023 99.50 17/03/2023 BOOK